Bioanalytické metódy charakterizácie chemickej toxicity antikoncepčných farmaceutík bakalárska práca

Saved in:
Bibliographic Details
Main Author: Černicová, Monika
Format: Book
Language:Slovak
Published: Bratislava STU FCHPT 2016
Online Access:View in OPAC
Tags: Add Tag
No Tags, Be the first to tag this record!

MARC

LEADER 00000nam a2200000 a 4500
005 20260127133956.0
008 160809 2016 000 0 slo d
035 |a vtls011572014 
039 9 |y 201608090945  |z mschk03 
040 |a STUSCHK1  |b slo  |c STUSCHK1  |e AACR2 
100 1 |a Černicová, Monika 
245 1 |a Bioanalytické metódy charakterizácie chemickej toxicity antikoncepčných farmaceutík  |b bakalárska práca  |c Monika Černicová 
260 |a Bratislava  |b STU FCHPT  |c 2016 
300 |a 35 s.  |b il.  |c 25 cm 
500 |a Študijný program: biotechnológia a potravinárska technológia 
500 |a Študijný odbor: biotechnológie 
500 |a Školiace pracovisko: Ústav analytickej chémie 
500 |a Evid. číslo: FCHPT-13567-63652 
910 |a SCHK95 
999 |c 1298  |d 1298